| 000 | 01151 a2200325 4500 | ||
|---|---|---|---|
| 003 | Nust | ||
| 005 | 20170207154031.0 | ||
| 020 | _a0-201-30998-X ; | ||
| 040 | _cNust | ||
| 082 | 1 | _a005.1 | |
| 082 | 1 | _a005.1 | |
| 082 | 1 | _a005.1 | |
| 082 | 1 | _a005.1 | |
| 100 | 1 | _aRumbaugh, James | |
| 245 | 0 | 4 |
_aThe unified modeling language reference manual (E-Book) _cJames Rumbaugh, Ivar Jacobson, Grady Booch |
| 260 |
_aReading, Mass. : _bAddison-Wesley, _ccop. 1999 |
||
| 300 |
_a550 s. : _bill. ; _c25cm |
||
| 440 | 0 | _aAddison-Wesley object technology series, | |
| 500 | _aPart 1: Background (Page-1) Part 2: UML Concepts(Page-21) Part 3: Reference(page-111) Part 4: Appendices(Page-513) | ||
| 505 | _aPart I: Background (Page-3), Part II: UML Concepts (Page-23), Part III: Reference (Page-113), Part IV: Appendices (Page-515), | ||
| 650 | 7 | _aComputer software | |
| 650 | 7 |
_aComputer software _xDevelopment |
|
| 650 | 7 | _aProgrammeringsteknik | |
| 650 | 7 | _aProgrammeringsteknik | |
| 650 | 7 | _aProgrammeringsteknik | |
| 650 | 7 | _aUML (Computer science) | |
| 651 | _a(E-Book) | ||
| 700 | 1 |
_aBooch, Grady _4aut |
|
| 700 | 1 |
_aJacobson, Ivar, _d1939- _4aut |
|
| 942 |
_2ddc _cBK |
||
| 999 |
_c192154 _d192154 |
||